Biological interactions in soil
Saved in:
| Hovedforfatter: | |
|---|---|
| Format: | Bog |
| Sprog: | engelsk |
| Udgivet: |
Amsterdam
Elsevier
1988
|
| Fag: | |
| Tags: |
Tilføj Tag
Ingen Tags, Vær først til at tagge denne postø!
|
MARC
| LEADER | 00000nam a2200000 a 4500 | ||
|---|---|---|---|
| 001 | UCW0457 | ||
| 003 | CL-VaPUC | ||
| 005 | 20210527215640.0 | ||
| 008 | 891207e19880000NE |||||||||||||||||eng|d | ||
| 999 | |c 215615 |d 215613 | ||
| 040 | |c Pontificia Universidad Católica de Valparaíso | ||
| 082 | 0 | 4 | |a 631.46 EDW 1988 |2 21 |
| 100 | 0 | |a Edwards, Clive A |9 304376 | |
| 245 | 1 | 0 | |a Biological interactions in soil |
| 260 | |a Amsterdam |b Elsevier |c 1988 | ||
| 300 | |a 380 páginas | ||
| 583 | |a last modification |c 19891207 00:00:00 |k Rodrigo Vera | ||
| 650 | 7 | |a BIOLOGIA DEL SUELO |2 CL-VaPUC |9 269645 | |
| 650 | 0 | |a Ecología del suelo |9 269510 | |
| 942 | |c BK |2 ddc | ||
| 945 | |d 19891207 00:00:00 | ||
| 952 | |0 0 |1 0 |2 ddc |4 0 |6 631_460000000000000_EDW_1988 |7 0 |8 A |9 200075 |a BIBCUR |b BIBCUR |d 2019-11-14 |i 2673924 |o 631.46 EDW 1988 |p 2673924 |r 2025-04-22 |t 1 |w 2019-11-14 |y BK |k BIO | ||